000 00927nas a2200313 4500
001 BR0400844
003 BR-BrBNA
005 20231205104426.0
007 ta
008 230509b bl.|||p| |||| 00| 00por d
040 _aBR-BrBNA
_bpor
_cBiblioteca Nacional de Agricultura
041 _a(Pt)
072 _aP40; P33
100 1 _aSilva, M.A. de A. e
100 1 _aEscobedo, J.F.
100 1 _aGalvani, E.
245 1 _aInfluência da cultura do pimentão (Capsicum annuum L.)nos elementos ambientais em ambiente protegido
650 _aPIMENTÃO
650 _aTEMPERATURA
650 _aUMIDADE RELATIVA
650 _aUMIDADE AMBIENTE
650 _aTEMPERATURA DO SOLO
650 _aESTUFA PLÁSTICA
650 _aPOLIETILENO
650 _aSÃO PAULO
773 0 _tIrriga (Brazil)
_xISSN 1413-7895
_g(2002), v. 7(3) p. 230-239
_wBR0400844
909 _a202311
_bLúcia
_c55
_dLúcia Elande
942 _2AGRIS
_n0
_cANA
999 _c178081
_d178081